El comercio ilegal de flora y fauna silvestres : perspectica de América del Norte /
La Comisión para la Cooperación Ambiental se creó al amparo del Acuerdo de Cooperación Ambiental de América del Norte para tratar asuntos ambientales de los tres países (Canadá, Estados Unidos y México) desde una perspectiva regional, con énfasis en los derivados del ámbito de la liberación comercia...
I tiakina i:
| Hōputu: | Pukapuka |
|---|---|
| Reo: | Pāniora |
| I whakaputaina: |
Montreal, Canadá :
Comisión para la Cooperación Ambiental ,
2005, c2005
|
| Ngā marau: | |
| Ngā Tūtohu: |
Kāore He Tūtohu, Me noho koe te mea tuatahi ki te tūtohu i tēnei pūkete!
|
MARC
| LEADER | 00000nam^a2200000^a^4500 | ||
|---|---|---|---|
| 001 | 000181835 | ||
| 005 | 20250521000000.0 | ||
| 009 | 20260310101946.771 | ||
| 020 | |a 2-923358-27-9 | ||
| 037 | |a Acervo ITESO - Biblioteca | ||
| 041 | |a ESP | ||
| 082 | |a 346. 7091732044 |b ELC | ||
| 245 | 0 | 3 | |a El comercio ilegal de flora y fauna silvestres : |b perspectica de América del Norte / |
| 264 | 4 | |a Montreal, Canadá : |b Comisión para la Cooperación Ambiental , |c 2005, c2005 | |
| 300 | |a 24 p. | ||
| 336 | |a texto |b txt |2 rdacontenido | ||
| 337 | |a sin mediación |b n |2 rdamedio | ||
| 338 | |a volumen |b nc |2 rdasoporte | ||
| 520 | |a La Comisión para la Cooperación Ambiental se creó al amparo del Acuerdo de Cooperación Ambiental de América del Norte para tratar asuntos ambientales de los tres países (Canadá, Estados Unidos y México) desde una perspectiva regional, con énfasis en los derivados del ámbito de la liberación comercial. En esta publicación se describe la situación del comercio legal e ilegal internacional de la vida silvestre en el Norte de América, así como la posción de los países de esa región ante el problema del comercio ilegal de las especies naturales de la zona y los acuerdos en conjunto que se han decidido llevar a cabo. | ||
| 649 | |a XX | ||
| 650 | |a Reservas Ecológicas - |z América del Norte | ||
| 650 | |a Conservación y Protección Ambiental - |z América del Norte | ||
| 650 | |a Fauna - |z América del Norte | ||
| 650 | |a Zoología - |x Clasificación | ||
| 650 | |a Biodiversidad - |z América del Norte | ||
| 650 | |a Ecología | ||
| 650 | |a Geografía Física - |z América del Norte | ||
| 650 | |a Ciencias Naturales | ||
| 650 | |a Vida Salvaje - |z América del Norte | ||
| 650 | |a Naturaleza - |z América del Norte | ||
| 650 | |a Animales - |z América del Norte - |x Protección - |x Aspectos Jurídicos | ||
| 650 | |a Legalidad e Ilegalidad | ||
| 650 | |a Importaciones - |z América del Norte - |x Aspectos Jurídicos | ||
| 650 | |a Exportaciones - |z América del Norte - |x Aspectos Jurídicos | ||
| 650 | |a Apertura Comercial e Integración Económica - |z América del Norte | ||
| 650 | |a Cooperación Internacional - |z América del Norte | ||
| 650 | |a Tratados Internacionales - |z América del Norte | ||
| 650 | |a Conservación y Protección Ambiental - |z América del Norte | ||
| 650 | |a Desarrollo Sustentable - |z América del Norte | ||
| 650 | |a Derecho Ambiental - |z América del Norte | ||
| 650 | |a Derecho Penal - |z América del Norte | ||
| 650 | |a Derecho Internacional | ||
| 650 | |a Derecho Público - |z América del Norte | ||
| 910 | |a Fondo General | ||
| 920 | |a Impresos - Libros | ||
| 930 | |a Colección General | ||
| 905 | |a 101 | ||
| 901 | |a 0500121473 |b IT1 |c ACC |u 20250521 | ||
| 902 | |a https://opac.biblio.iteso.mx/vufind/Record/000181835 | ||